| 000 | 00820nam a22002537a 4500 | ||
|---|---|---|---|
| 003 | 0 | ||
| 005 | 20180726125808.0 | ||
| 008 | 0 | ||
| 010 | _aB-167326 | ||
| 020 |
_c500.00 _a8180690687 |
||
| 035 | _aB-167326, B-167329 | ||
| 037 | _bCen Lib/Ret | ||
| 040 |
_aDPL _bEN _c0 |
||
| 082 |
_a302.23 _bPAT |
||
| 100 |
_aPati,Jagannath _99021 |
||
| 245 |
_aMedia and tribal development / _cby Jagannath Pati |
||
| 260 |
_aNew Delhi _bConcept publishing company _c1963 |
||
| 270 |
_aA/15-16,Commercial block Mohan Garden _bNew Delhi _e110059 |
||
| 300 |
_a275p. _c21cm(Hb) |
||
| 500 | _aIncludes bibliographical reference and index | ||
| 650 |
_aRanchi (India : District) -- Scheduled tribes _973205 |
||
| 650 |
_aRural development -- India -- Ranchi (District) _973206 |
||
| 942 |
_2ddc _cEN _h302.23 _mPAT |
||
| 999 |
_c124045 _d124045 |
||